History Quiz

Random History or Famous Quiz

Painting by Socks Quiz Stats

 Plays Quiz Updated Jun 17, 2018

Also try: Game by Socks
Challenge
Share
Tweet
Score 0/12 Timer 02:00
10 Plays Today
% Correct
Da Vinci
98%
van Gogh
96.9%
Munch
95.4%
Vermeer
95.2%
Hokusai
93.1%
Picasso
92.9%
Wood
90.6%
Botticelli
87.4%
Klimt
86.4%
Dalí
79.5%
David
79.3%
Michelangelo
78.3%

You're not logged in!

Compare scores with friends on all Sporcle quizzes.
Join for Free
OR
Log In

You Might Also Like...

Show Comments

Extras

Top Quizzes Today


Score Distribution

Your Account Isn't Verified!

In order to create a playlist on Sporcle, you need to verify the email address you used during registration. Go to your Sporcle Settings to finish the process.

Report this User

Report this user for behavior that violates our Community Guidelines.

Details: